000 00429nam a2200181Ia 4500
001 14879
005 20260306164946.0
008 260306t2009||||xx |||||||||||||| ||spa||
041 _aESP
082 _a519.5
_bG24
100 _aGarcía Ramos, Juan Antonio
_eAUT
245 0 _aEstadística empresarial
260 _c2009
300 _a282 páginas :
_c24 cm.
650 _aGEN
654 _aCMA
942 _cLIB
_dJUS
_fJUS
_2ddc
_n
999 _c14879
_d14879